000 00348 a2200121 4500
001 ART_2693
005 20260410161709.0
008 260409a
245 1 0 _a¿Quién reparte?
100 1 _aCalvo, Ernesto
700 1 _aMurillo, María Victoria
773 0 _tDesarrollo económico
_g- Vol. 47, Nº 188 (ene./mar. 2008)
_wREV1174
999 _c15911
_d15911